Principles of economics / (Record no. 25)

MARC details
000 -LEADER
fixed length control field 01141cam a22002774a 4500
001 - CONTROL NUMBER
control field 12118898
005 - DATE AND TIME OF LATEST TRANSACTION
control field 20210414113839.0
008 - FIXED-LENGTH DATA ELEMENTS--GENERAL INFORMATION
fixed length control field 000726s2001 maua 001 0 eng
010 ## - LIBRARY OF CONGRESS CONTROL NUMBER
LC control number 00061281
020 ## - INTERNATIONAL STANDARD BOOK NUMBER
International Standard Book Number 0072289627
040 ## - CATALOGING SOURCE
Original cataloging agency DLC
Transcribing agency DLC
Modifying agency DLC
042 ## - AUTHENTICATION CODE
Authentication code pcc
050 00 - LIBRARY OF CONGRESS CALL NUMBER
Classification number HB171.5.F734
082 00 - DEWEY DECIMAL CLASSIFICATION NUMBER
Classification number 330
Edition number 21
100 1# - MAIN ENTRY--PERSONAL NAME
Personal name Frank, Robert H.
245 10 - TITLE STATEMENT
Title Principles of economics /
Statement of responsibility, etc. Robert H. Frank, Ben S. Bernanke.
260 ## - PUBLICATION, DISTRIBUTION, ETC.
Place of publication, distribution, etc. Boston, Mass. :
Name of publisher, distributor, etc. McGraw-Hill/Irwin,
Date of publication, distribution, etc. 2001.
300 ## - PHYSICAL DESCRIPTION
Extent xl, 834, G-9, I-22 p. :
Other physical details ill. (some col.) ;
Dimensions 29 cm.
500 ## - GENERAL NOTE
General note Includes index.
505 ## - FORMATTED CONTENTS NOTE
Formatted contents note Contents: Introduction -- Competition and the invisible hand -- Market imperfections -- Labor markets and the public sector -- Macroeconomics:issues and data -- The Economy in the long run -- The Economy in the short run -- The International economy -- Glossary.
650 #0 - SUBJECT ADDED ENTRY--TOPICAL TERM
Topical term or geographic name entry element Economics.
700 1# - ADDED ENTRY--PERSONAL NAME
Personal name Bernanke, Ben.
906 ## - LOCAL DATA ELEMENT F, LDF (RLIN)
a 7
b cbc
c orignew
d 1
e ocip
f 20
g y-gencatlg
942 ## - ADDED ENTRY ELEMENTS (KOHA)
Source of classification or shelving scheme Library of Congress Classification
Koha item type Books
Holdings
Withdrawn status Lost status Source of classification or shelving scheme Damaged status Not for loan Home library Current library Shelving location Date acquired Total Checkouts Full call number Barcode Date last seen Price effective from Koha item type
    Library of Congress Classification     WISCONSIN INTERNATIONAL UNIVERSITY COLLEGE, GHANA - MAIN LIBRARY WISCONSIN INTERNATIONAL UNIVERSITY COLLEGE, GHANA - MAIN LIBRARY General Stacks 22/08/2011   HB171.5.F734 046/11 22/08/2011 22/08/2011 Books
    Library of Congress Classification     WISCONSIN INTERNATIONAL UNIVERSITY COLLEGE, GHANA - MAIN LIBRARY WISCONSIN INTERNATIONAL UNIVERSITY COLLEGE, GHANA - MAIN LIBRARY General Stacks 22/08/2011   HB171.5.F7341 047/11 22/08/2011 22/08/2011 Books
    Library of Congress Classification     WISCONSIN INTERNATIONAL UNIVERSITY COLLEGE, GHANA - MAIN LIBRARY WISCONSIN INTERNATIONAL UNIVERSITY COLLEGE, GHANA - MAIN LIBRARY General Stacks 22/08/2011   HB171.5.F7342 048/11 22/08/2011 22/08/2011 Books

If you have any concerns or questions; kindly contact the library


© Powered by WIUC ICT DIRECTORATE